The state, the family, and education /

Bibliographic Details
Main Author: David, Miriam E.
Format: Book
Language:English
Published: London ; Boston : Routledge & Kegan Paul, 1980.
Series:Radical social policy.
Subjects:

MARC

Tag First Indicator Second Indicator Subfields
LEADER 00000cam a2200000 a 4500
001 in00000091573
005 20151008064026.0
008 820406s1980 enk b 00110 eng
010 |a  80040713  
015 |a GB*** 
020 |a 0710006012 :  |c 5.95 
035 |a (OCoLC)07032295 
035 |9 AAK3379AM 
039 0 |a 2  |b 3  |c 3  |d 3  |e 3 
040 |a DLC  |c DLC  |d TXA  |d UtOrBLW 
043 |a e-uk--- 
049 |a TXAM  |c [1272045] 
050 0 0 |a LC225.33.G7  |b D38 
082 0 |a 371.1/02  |2 19 
100 1 |a David, Miriam E. 
245 1 4 |a The state, the family, and education /  |c Miriam E. David. 
264 1 |a London ;  |a Boston :  |b Routledge & Kegan Paul,  |c 1980. 
300 |a viii, 280 pages ;  |c 22 cm. 
336 |a text  |b txt  |2 rdacontent 
337 |a unmediated  |b n  |2 rdamedia 
338 |a volume  |b nc  |2 rdacarrier 
490 1 |a Radical social policy 
500 |a Includes indexes. 
504 |a Bibliography: pages 249-267. 
650 0 |a Home and school  |z Great Britain. 
650 0 |a Education  |x Economic aspects  |z Great Britain. 
650 0 |a Students  |x Legal status, laws, etc.  |z Great Britain. 
650 0 |a Parent and child  |z Great Britain. 
650 0 |a Teacher-student relationships  |z Great Britain. 
830 0 |a Radical social policy. 
999 |a MARS 
999 f f |s 1b2d3ccd-e7ab-3317-9afa-3a3433c097ca  |i 0f0a17a6-0456-3b09-8bf3-b1e2ff05b4ef  |t 0 
952 f f |p normal  |a Texas A&M University  |b College Station  |c Sterling C. Evans Library  |d Evans: Library Stacks  |t 0  |e LC225.33.G7 D38  |h Library of Congress classification  |i unmediated -- volume  |m A14806163358 
998 f f |a LC225.33.G7 D38  |t 0  |l Evans: Library Stacks